[Event "Vestmannaeyjum"]
[Site "Vestmannaeyjum"]
[Date "1985.??.??"]
[Round "2"]
[White "Lombardy, William James"]
[Black "Short, Nigel D"]
[Result "1/2-1/2"]
[WhiteElo "2500"]
[BlackElo "2535"]

1.e4 e6 2.Nf3 d5 3.Nc3 Be7 4.d4 Nf6 5.Bd3 dxe4 6.Nxe4 Nbd7 7.O-O Nxe4 8.Bxe4 c5
9.c3 O-O 10.Qc2 Nf6 11.dxc5 Nxe4 12.Qxe4 Bxc5 13.Be3 Bxe3 14.Qxe3 Qe7 15.Rfd1 Bd7
16.Ne5 Be8 17.f4 f6 18.Nf3 Bh5 19.Rd2 Rfd8 20.Rad1 Kf7 21.h3 a6 22.Kf2 Rxd2+
23.Rxd2 Rd8 24.Qb6 Rd7 25.Rd4 Bg6 26.Ke3 h6 27.a4 Bc2 28.h4 Rxd4 29.Qxd4 Qc7
30.a5 Qxa5 31.Qd7+ Kg6 32.Qxe6 Bf5 33.Qe8+ Kh7 34.Nd4 Qa1 35.Kf3 Bg6 36.Qe7 Qxb2
37.Ne6 Bh5+ 38.Kg3 Qxc3+ 39.Kh2 f5 40.Nf8+ Kg8 41.Nd7 Qc8 42.Qe6+ Kh8 43.Qxf5 Bd1
44.Qf7 Qd8 45.Ne5 Qxh4+ 46.Kg1 Bc2 47.Qxb7 Qe1+ 48.Kh2 Qe2 49.Qb8+ Kh7 50.Nd7 g5
51.Ne5 Qh5+ 52.Kg1 Qd1+ 53.Kh2 Qh5+ 54.Kg1 Qd1+ 55.Kh2 gxf4 56.Qc7+ Kh8 57.Qf7 Qd6
58.Qe8+  1/2-1/2

[Event "Vestmannaeyjum"]
[Site "Vestmannaeyjum"]
[Date "1985.??.??"]
[Round "3"]
[White "Short, Nigel D"]
[Black "Tisdall, Jonathan D"]
[Result "1/2-1/2"]
[WhiteElo "2535"]
[BlackElo "2420"]

1.e4 c5 2.Nf3 d6 3.d4 cxd4 4.Nxd4 Nf6 5.Nc3 a6 6.Be2 e6 7.O-O Be7 8.a4 Nc6
9.Be3 O-O 10.f4 Qc7 11.Kh1 Re8 12.Bf3 Rb8 13.Qd2 Nxd4 14.Bxd4 e5 15.Ba7 Ra8
16.Be3 exf4 17.Bxf4 Be6 18.Rfd1 Red8 19.a5 Rac8 20.h3 h6 21.Ra4 Bxh3 22.gxh3 Qd7
23.Qg2 Rxc3 24.Rad4 Rxc2 25.Qxc2 Qxh3+ 26.Bh2 Qxf3+ 27.Qg2 Qxg2+ 28.Kxg2 Ng4
29.Bf4 g5 30.Kf3 h5 31.Bxd6 Bf6 32.Rd5 Kh7 33.b4 Kg6 34.Rc1 Bb2 35.Rcc5 f6
36.Bg3 Re8 37.Rc7 Be5 38.Bxe5 Nxe5+ 39.Kg2 Nc6 40.b5 axb5 41.a6 bxa6 42.Rxc6 Rxe4
43.Rxa6 Rg4+ 44.Kf3 Rf4+ 45.Ke3 h4 46.Rxb5 Kh5 47.Ra2 Kg4 48.Rg2+ Kh3 49.Rbb2 Ra4
50.Rgf2 Ra6 51.Ke4 Kg4 52.Rg2+ Kh5 53.Rb8 Kg6 54.Rg8+ Kf7 55.Rd8 Ra4+ 56.Rd4 Ra5
57.Rgd2 Re5+ 58.Kf3 Rf5+ 59.Kg2 Kg7 60.Ra4 Kg6 61.Rd3 Kg7 62.Ra6 Rf4 63.Kh3 Kg6
64.Ra8 Kg7 65.Rb3 Kg6 66.Rg8+ Kh6 67.Kg2 Kh7 68.Rbb8 Rf5 69.Kh3 Rf4 70.Rbf8 Kh6
71.Rf7 Rf3+ 72.Kg2 Rf4 73.Rh8+ Kg6  1/2-1/2

[Event "Vestmannaeyjum"]
[Site "Vestmannaeyjum"]
[Date "1985.??.??"]
[Round "5"]
[White "Short, Nigel D"]
[Black "Arnason, Jon L"]
[Result "0-1"]
[WhiteElo "2535"]
[BlackElo "2495"]

1.e4 c5 2.Nf3 d6 3.d4 cxd4 4.Nxd4 Nf6 5.Nc3 a6 6.a4 Nc6 7.Be2 e6 8.O-O Be7
9.Be3 O-O 10.f4 Qc7 11.Kh1 Re8 12.Bf3 Na5 13.Bg1 Bf8 14.Nde2 Rb8 15.Qe1 Nc6
16.Nd4 Nxd4 17.Bxd4 e5 18.fxe5 dxe5 19.Qg3 Kh8 20.Be2 Qd6 21.Be3 Be6 22.Bg5 Be7
23.Rad1 Qc5 24.Bxf6 Bxf6 25.Bg4 Rbd8 26.Bxe6 fxe6 27.Rd3 Rd4 28.Rdf3 Rd2
29.R3f2 Red8 30.Rxd2 Rxd2 31.Qg4 Qc4 32.Rd1 Rxc2 33.Qh5 h6 34.h4 Kh7 35.Qg4 Rxb2
36.h5 Bg5 37.Qf3 Qc7 38.Qg4 Qxc3 39.Qxe6 Qc6 40.Qf5+ Kg8  0-1

[Event "Vestmannaeyjum"]
[Site "Vestmannaeyjum"]
[Date "1985.??.??"]
[Round "7"]
[White "Short, Nigel D"]
[Black "Arnason, Asgeir T"]
[Result "1-0"]
[WhiteElo "2535"]
[BlackElo "2250"]

1.e4 e5 2.Nf3 Nc6 3.Bb5 Nf6 4.O-O Nxe4 5.d4 Nd6 6.Bxc6 dxc6 7.dxe5 Ne4 8.Qe2 Bf5
9.Rd1 Qc8 10.Be3 Nc5 11.Nc3 Ne6 12.Nh4 Bg6 13.Nxg6 hxg6 14.Ne4 Be7 15.f4 b6
16.Qf3 Nd8 17.Rd2 Qe6 18.b3 Nb7 19.Rad1 Rd8 20.Rxd8+ Nxd8 21.g4 g5 22.fxg5 Qxe5
23.Bf4 Qe6 24.Bxc7 O-O 25.Qf5 g6 26.Qf4 Qc8 27.Be5 Ne6 28.Nf6+ Kg7 29.Nd5+ f6
30.gxf6+ Bxf6 31.Bxf6+ Kf7 32.Qh6 cxd5 33.Rf1 Ke8 34.Qxg6+ Kd7 35.Qh7+ Kc6
36.Qf5 Nc5 37.Qxc8+ Rxc8 38.Bd4 Ne4 39.Rf4 Kd6 40.c4 b5 41.cxb5 Rc1+ 42.Rf1 Rc2
43.a4 Nd2 44.Rf6+ Ke7 45.Rf2 Rc1+ 46.Kg2 Nxb3 47.Bxa7 Rc4 48.Kf3 Rxa4 49.Rb2 Na5
50.Bc5+ Kf6 51.Rb4 Ra3+ 52.Kf4 Rh3 53.b6 Nb7 54.Bd4+ Kg6 55.Rb2 Rh7 56.Rc2 Nd8
57.Kg3 Rb7 58.Rc7 Rb8 59.h4 Ne6 60.Rc6 Kf7 61.Be5 Rb7 62.Rc7+ Nxc7 63.bxc7 Rb3+
64.Kf2  1-0

[Event "Vestmannaeyjum"]
[Site "Vestmannaeyjum"]
[Date "1985.??.??"]
[Round "9"]
[White "Short, Nigel D"]
[Black "Asmundsson, Ingvar"]
[Result "1-0"]
[WhiteElo "2535"]
[BlackElo "2400"]

1.e4 e5 2.Nf3 Nf6 3.Nxe5 d6 4.Nf3 Nxe4 5.d4 Be7 6.Bd3 Nf6 7.h3 c5 8.Nc3 Nc6
9.O-O O-O 10.a3 cxd4 11.Ne2 Ne5 12.Nexd4 Nxd3 13.Qxd3 Qa5 14.Re1 Re8 15.Bg5 Bd7
16.Re2 h6 17.Bh4 Bd8 18.Rxe8+ Nxe8 19.Bxd8 Qxd8 20.Re1 Rc8 21.c3 Nf6 22.Nh4 Qb6
23.Nhf5 Re8 24.Rxe8+ Nxe8 25.b4 Qd8 26.Qe4 Bxf5 27.Nxf5 Qd7 28.g4 Kf8 29.c4 Qc7
30.Kg2 a6 31.Qd5 g6 32.Nxh6 Ng7 33.Qd4 b5 34.cxb5 axb5 35.h4 Qc6+ 36.Kg3 d5
37.Qf4 Qd7 38.Qb8+ Ne8 39.g5 Qd6+ 40.Qxd6+ Nxd6 41.Kf4 d4 42.Ng4 Ke7 43.Kf3 Ke6
44.Ke2 Kd5 45.Kd3 Nc4 46.f4 Nb2+ 47.Kc2 Na4 48.f5 Nb6 49.f6 Ke4 50.Nf2+ Ke3
51.Nd3 Nd7 52.Nc1 Ne5 53.Nb3 d3+ 54.Kc3 Nf3 55.h5 Nxg5 56.hxg6 fxg6 57.Nd2 Nf7
58.a4  1-0

[Event "FRG op-ch"]
[Site "Germany"]
[Date "1986.??.??"]
[Round "?"]
[White "Short, Nigel D"]
[Black "Nikolaiczuk, Lothar"]
[Result "1-0"]
[WhiteElo "2615"]
[BlackElo "2265"]

1.e4 Nf6 2.e5 Nd5 3.d4 d6 4.Nf3 g6 5.Bc4 c6 6.O-O Bg7 7.exd6 Qxd6 8.h3 O-O
9.Bb3 Nc7 10.Nbd2 Be6 11.c3 Bd5 12.Re1 Nd7 13.Ne4 Bxe4 14.Rxe4 Nf6 15.Bf4 Qd8
16.Re1 Nfd5 17.Bg3 e6 18.Qd2 Ne7 19.Rad1 Nf5 20.Bh2 Qe7 21.Qe2 Rfd8 22.Ne5 Rac8
23.g4 Nd6 24.c4 Nde8 25.Qe3 Nf6 26.Bg3 Nd7 27.Nf3 Qf8 28.Kg2 Re8 29.Bc2 Qb4
30.b3 b5 31.a3 Qf8 32.Qc1 Bf6 33.Be4 Na8 34.c5 e5 35.b4 exd4 36.Nxd4 Bxd4
37.Rxd4 Ne5 38.Bxe5 Rxe5 39.Bf3 Rxe1 40.Qxe1 Nc7 41.Bxc6 Ne6 42.Rd6 Nf4+
43.Kg3 Qh6 44.Qe3  1-0

[Event "FRG op-ch"]
[Site "Germany"]
[Date "1986.??.??"]
[Round "?"]
[White "Short, Nigel D"]
[Black "Hertzog, Peter"]
[Result "1-0"]
[WhiteElo "2615"]
[BlackElo "2305"]

1.e4 d6 2.d4 Nf6 3.Nc3 g6 4.Nf3 Bg7 5.h3 O-O 6.Be3 c6 7.a4 Qc7 8.a5 e5 9.dxe5 dxe5
10.Bc4 Nh5 11.g3 Qe7 12.Kf1 Nd7 13.Kg2 Nc5 14.b4 Ne6 15.Rb1 Rd8 16.Qc1 Nd4
17.Ng5 Rf8 18.Na4 Be6 19.Nxe6 fxe6 20.c3 Qf6 21.Qd1 Rad8 22.Qg4 Kh8 23.Rhf1 Nf3
24.Rb2 Rde8 25.Be2 Nd4 26.cxd4 exd4 27.Bg5 Qe5 28.Bd3 Qd6 29.Bd2 Nf6 30.Qe2 e5
31.Rc2 Rf7 32.Nb2 b6 33.Bc4 Rc7 34.Nd3 bxa5 35.bxa5 Rb8 36.f4  1-0

[Event "FRG op-ch"]
[Site "Germany"]
[Date "1986.??.??"]
[Round "?"]
[White "Sehner, Norbert"]
[Black "Short, Nigel D"]
[Result "1-0"]
[WhiteElo "2390"]
[BlackElo "2615"]

1.c4 e5 2.g3 Nc6 3.Bg2 g6 4.Nc3 Bg7 5.e3 d6 6.Nge2 h5 7.h4 Bg4 8.d3 Rb8 9.Rb1 Nf6
10.b4 a6 11.a4 O-O 12.Ba3 Qd7 13.Qd2 Rfe8 14.O-O Bh3 15.b5 axb5 16.axb5 Nd8
17.e4 Bxg2 18.Kxg2 Ne6 19.Nd5 c6 20.Nxf6+ Bxf6 21.Qb4 c5 22.Qd2 Bg7 23.Bb2 Rf8
24.Qe3 f5 25.exf5 gxf5 26.f4 Nd4 27.fxe5 dxe5 28.Nxd4 exd4 29.Qg5 Qf7 30.Rbe1 Rbe8
31.Bc1 b6 32.Bf4 Kh7 33.Kf2 Rg8 34.Rxe8 Rxe8 35.Re1 Rxe1 36.Kxe1 Bf8 37.Kf2 Bg7
38.Qd8 Qa7 39.Qe8 Bh6 40.Qxh5 Qa2+ 41.Kg1 Qb1+ 42.Kh2  1-0

[Event "FRG op-ch"]
[Site "Germany"]
[Date "1986.??.??"]
[Round "?"]
[White "Hoensch, Matthias"]
[Black "Short, Nigel D"]
[Result "0-1"]
[WhiteElo "2285"]
[BlackElo "2615"]

1.d4 Nf6 2.c4 c5 3.d5 b5 4.cxb5 a6 5.Nc3 axb5 6.e4 b4 7.Nb5 d6 8.Bf4 g5 9.Bxg5 Nxe4
10.Bf4 Qa5 11.Bc4 Ba6 12.Qe2 b3+ 13.Kf1 Kd8 14.a4 Nf6 15.Bd2 Qb6 16.Bc3 Nbd7
17.Ra3 Rg8 18.Qf3 Rg4 19.Qd3 Ne5 20.Bxe5 dxe5 21.f3 Rxc4 22.Qxc4 Bxb5 23.axb5 Rxa3
24.bxa3 b2 25.Qb3 c4 26.Qxb2 Nxd5 27.Qxe5 e6 28.Qh8 Ke7 29.Qxh7 Ne3+ 30.Ke2 Nf5
31.Nh3 Qe3+ 32.Kd1 c3 33.Kc2 Nd4+ 34.Kb1 Qd2 35.Qh4+ Ke8 36.Qf2 Ne2  0-1

[Event "Lugano op"]
[Site "Lugano"]
[Date "1986.??.??"]
[Round "?"]
[White "Blees, Albert"]
[Black "Short, Nigel D"]
[Result "0-1"]
[WhiteElo "2420"]
[BlackElo "2585"]

1.d4 e6 2.c4 Nf6 3.Nc3 Bb4 4.e3 c5 5.Bd3 Nc6 6.Ne2 cxd4 7.exd4 d5 8.a3 dxc4
9.Bxc4 Be7 10.O-O O-O 11.Qd3 a6 12.Rd1 b5 13.Bb3 b4 14.Ne4 Nd5 15.Nf4 Ra7
16.Qg3 g6 17.Nxd5 exd5 18.Nc5 bxa3 19.bxa3 Bf6 20.Be3 Na5 21.Ba4 Nc4 22.Bh6 Bg7
23.Qb8 Re7 24.Bg5 f6 25.Bf4 g5 26.Bd2 Nxd2 27.Rxd2 f5 28.Bb3 Kh8 29.Qg3 f4
30.Qd3 Qd6 31.Bc2 Qh6 32.Qf3 g4 33.Qxd5 g3 34.h3 f3 35.Rad1 Qxd2  0-1

[Event "Lugano op"]
[Site "Lugano"]
[Date "1986.??.??"]
[Round "?"]
[White "Hickl, Joerg"]
[Black "Short, Nigel D"]
[Result "1/2-1/2"]
[WhiteElo "2370"]
[BlackElo "2585"]

1.g3 d5 2.Bg2 e5 3.d3 Nf6 4.Nf3 Bd6 5.c4 c6 6.cxd5 cxd5 7.O-O h6 8.Nc3 Nc6
9.a3 O-O 10.Nd2 Be6 11.b4 Rc8 12.Bb2 Bb8 13.Qa4 Qd7 14.Rfc1 Rfd8 15.Qd1 Bh3
16.Bh1 Qe6 17.Qe1 b6 18.b5 Ne7 19.Na2 Bd6 20.e3 Nd7 21.Nb4 f5 22.Rxc8 Rxc8
23.Rc1 Rc5 24.d4 Rxc1 25.Qxc1 e4 26.Nc6 Nxc6 27.Qxc6 Nf6 28.Nf1 Kf7 29.Bg2 Bxg2
30.Kxg2 g5 31.Bc1 Qd7 32.Qxd7+ Nxd7 33.Nd2 Ke6 34.Nb1 Nf6 35.a4 Ne8 36.Ba3 Bxa3
37.Nxa3 Nc7 38.Nb1 a6 39.Nc3 axb5 40.axb5 Ne8 41.Kf1 Nd6 42.Ke1 Nc4 43.Ke2 Nb2
44.Kf1 Kd6 45.Ke2  1/2-1/2

[Event "Solingen"]
[Site "Solingen"]
[Date "1986.??.??"]
[Round "?"]
[White "Schneider, B."]
[Black "Short, Nigel D"]
[Result "0-1"]
[WhiteElo "2350"]
[BlackElo "2615"]

1.c4 e5 2.Nc3 Nc6 3.g3 g6 4.Bg2 Bg7 5.Nf3 f5 6.d3 Nf6 7.O-O d6 8.Rb1 O-O
9.b4 a6 10.a4 h6 11.b5 axb5 12.axb5 Ne7 13.Bb2 Be6 14.Ra1 Rc8 15.Ra7 b6 16.Qc2 g5
17.Rfa1 f4 18.Nd2 fxg3 19.hxg3 Qe8 20.Nce4 Ng4 21.Nf1 Nf5 22.e3 Qg6 23.Rb7 Nh4
24.gxh4 gxh4 25.f3 Rxf3 26.Qe2 Rf7 27.Nh2 Rcf8 28.Raa7 h3 29.Rxc7 Rxc7 30.Rxc7 Nf2  0-1

[Event "Solingen"]
[Site "Solingen"]
[Date "1986.??.??"]
[Round "?"]
[White "Short, Nigel D"]
[Black "Borngaesser, Rene"]
[Result "1-0"]
[WhiteElo "2615"]
[BlackElo "2360"]

1.e4 e6 2.d4 d5 3.Nd2 Nf6 4.e5 Nfd7 5.c3 c5 6.f4 Nc6 7.Ndf3 Qa5 8.Be3 cxd4
9.Nxd4 Nxd4 10.Bxd4 b6 11.a4 Ba6 12.b4 Bxf1 13.bxa5 Bxg2 14.Ne2 Bxh1 15.Ng3 Be4
16.Nxe4 dxe4 17.axb6 axb6 18.a5  1-0

[Event "Solingen"]
[Site "Solingen"]
[Date "1986.??.??"]
[Round "?"]
[White "Short, Nigel D"]
[Black "Spassky, Boris V"]
[Result "1/2-1/2"]
[WhiteElo "2615"]
[BlackElo "2620"]

1.e4 e6 2.d4 d5 3.Nc3 dxe4 4.Nxe4 Nd7 5.Nf3 Be7 6.Bc4 Ngf6 7.Qe2 O-O 8.Nxf6+ Bxf6
9.Be3 c5 10.O-O-O Qa5 11.Qd2 Qxd2+ 12.Rxd2 Nb6 13.Be2  1/2-1/2

[Event "Solingen"]
[Site "Solingen"]
[Date "1986.??.??"]
[Round "?"]
[White "Short, Nigel D"]
[Black "Westerinen, Heikki MJ"]
[Result "1-0"]
[WhiteElo "2615"]
[BlackElo "2410"]

1.e4 e5 2.Nf3 Nc6 3.Bb5 a6 4.Ba4 Nf6 5.O-O Be7 6.Re1 b5 7.Bb3 d6 8.c3 O-O
9.h3 Na5 10.Bc2 c5 11.d4 Qc7 12.Nbd2 cxd4 13.cxd4 Bd7 14.Nf1 Rac8 15.Ne3 Nc6
16.d5 Nb4 17.Bb1 a5 18.a3 Na6 19.b4 Ra8 20.Bd2 Rfc8 21.Nh2 Qa7 22.Ra2 Bd8
23.Qe2 Qb7 24.g4 g6 25.Nhf1 axb4 26.axb4 Nc7 27.Ng3 Rxa2 28.Bxa2 Nfe8 29.Ng2 Na8
30.Bb3 Nb6 31.f4 Nc4 32.Bxc4 bxc4 33.Qf3 exf4 34.Nxf4 Bf6 35.Bc3 Qa7+ 36.Kg2 Qa2+
37.Nfe2 Bxc3 38.Qxc3 Qb3 39.e5 Qxc3 40.Nxc3 Rb8 41.exd6 Nxd6 42.Nge4 Nxe4
43.Nxe4 Ba4 44.Kf2 Kg7 45.Ke3 Rxb4 46.Kd4 Bc2 47.Nc5 Rb1 48.Rxb1 Bxb1 49.d6 Kf8
50.Nd7+ Kg7 51.Ne5 Kf6 52.Kd5 c3 53.g5+ Kf5 54.d7 Be4+ 55.Kd6 c2 56.d8=Q Kf4
57.Qc7 Kxg5 58.Qc3 Kf4 59.Nxf7 Bd3 60.Qd2+  1-0

[Event "BCF-ch"]
[Site "Swansea"]
[Date "1987.??.??"]
[Round "?"]
[White "Short, Nigel D"]
[Black "Hennigan, Michael"]
[Result "1-0"]
[WhiteElo "2620"]
[BlackElo "2320"]

1.e4 Nf6 2.e5 Nd5 3.d4 d6 4.Nf3 g6 5.Bc4 Nb6 6.Bb3 Bg7 7.a4 a5 8.O-O O-O
9.h3 Nc6 10.Qe2 dxe5 11.dxe5 Nd4 12.Nxd4 Qxd4 13.Re1 e6 14.Nd2 Bd7 15.c3 Qc5
16.Nf3 Bc6 17.Be3 Qe7 18.Bg5 Qc5 19.Nd4 Bd5 20.Bxd5 Qxd5 21.f4 Qc4 22.Qxc4 Nxc4
23.b3 Nb6 24.c4 Rfc8 25.Rad1 Bf8 26.Nb5 Bc5+ 27.Kf1 c6 28.Nd6 Rc7 29.Rd3 Nd7
30.Ne4 Kf8 31.Red1  1-0

[Event "BCF-ch"]
[Site "Swansea"]
[Date "1987.??.??"]
[Round "?"]
[White "Short, Nigel D"]
[Black "Gallagher, Joseph G"]
[Result "1/2-1/2"]
[WhiteElo "2620"]
[BlackElo "2405"]

1.e4 c5 2.Nf3 d6 3.d4 cxd4 4.Nxd4 Nf6 5.Nc3 a6 6.f4 e5 7.Nf3 Nbd7 8.a4 Be7
9.Bd3 O-O 10.O-O Nc5 11.Kh1 Qc7 12.Qe1 exf4 13.Bxf4 Be6 14.Nd4 Qb6 15.Be3 Ng4
16.Bg1 Ne5 17.Nf5 Bxf5 18.Nd5 Qd8 19.exf5 Bf6 20.Be2 Ned7 21.Nxf6+ Nxf6 22.Bf3 Qc7
23.Qc3 Rac8 24.Bd4 Nce4 25.Qxc7 Rxc7 26.Rfe1 d5 27.c3 Nd2 28.Bd1 Re8 29.Rxe8+ Nxe8
30.Bc2 Re7 31.Kg1 Nf6 32.h3 h6 33.b4 Nc4 34.Bd3 Nb2 35.Bf1 Nh5 36.Ra2 Nc4
37.g4 Ng3 38.Bd3 Ne5 39.Kg2 Nxd3 40.Kxg3 Re4 41.Bb6 Rc4 42.Ra3 h5 43.b5  1/2-1/2

[Event "Euwe mem"]
[Site "Amsterdam"]
[Date "1988.??.??"]
[Round "?"]
[White "Karpov, Anatoly"]
[Black "Short, Nigel D"]
[Result "1-0"]
[WhiteElo "2715"]
[BlackElo "2630"]

1.d4 Nf6 2.Nf3 e6 3.c4 b6 4.g3 Ba6 5.b3 Bb4+ 6.Bd2 Bxd2+ 7.Qxd2 O-O 8.Bg2 c6
9.O-O d5 10.Qb4 Ne4 11.Rc1 Nd7 12.Qa3 Bb7 13.cxd5 exd5 14.Nc3 f5 15.e3 Qf6
16.Rc2 a5 17.Rd1 Rac8 18.Ne2 g5 19.Nc1 g4 20.Nh4 c5 21.Ne2 cxd4 22.Rxc8 Bxc8
23.Rxd4 Bb7 24.Qc1 Rc8 25.Qd1 Ne5 26.Nf4 Kh8 27.h3 Nc3 28.Qd2 gxh3 29.Nxh3 Ne4
30.Qd1 Nc6 31.Rxd5 Nc3 32.Rd6 Qe5 33.Qd3 Ne2+ 34.Kh2 Rg8 35.Nf4 Nxf4 36.exf4 Qc5
37.Bxc6 Bxc6 38.Rxc6  1-0

[Event "Thessaloniki ol (Men)"]
[Site "Thessaloniki"]
[Date "1988.??.??"]
[Round "4"]
[White "Spassky, Boris V"]
[Black "Short, Nigel D"]
[Result "1/2-1/2"]
[WhiteElo "2560"]
[BlackElo "2665"]

1.e4 e5 2.Nf3 Nc6 3.Bb5 a6 4.Ba4 Nf6 5.Nc3 b5 6.Bb3 Be7 7.d3 d6 8.Nd5 Na5
9.Nxe7 Qxe7 10.O-O O-O 11.Bd2 Nxb3 12.axb3 Re8 13.Bg5  1/2-1/2

[Event "Thessaloniki ol (Men)"]
[Site "Thessaloniki"]
[Date "1988.??.??"]
[Round "10"]
[White "Short, Nigel D"]
[Black "Uhlmann, Wolfgang"]
[Result "1/2-1/2"]
[WhiteElo "2665"]
[BlackElo "2505"]

1.e4 e6 2.d4 d5 3.Nc3 Bb4 4.e5 c5 5.a3 Bxc3+ 6.bxc3 Ne7 7.Qg4 O-O 8.Bd3 Nbc6
9.Qh5 h6 10.g4 c4 11.Be2 Qa5 12.Bd2 f6 13.exf6 Rxf6 14.Nf3 Bd7 15.g5 Rf5
16.Qh3 hxg5 17.Nxg5 Rxg5 18.Bxg5 e5 19.Qxd7 Qxc3+ 20.Kf1 Qxa1+ 21.Kg2 Qxd4
22.Bxe7 Nxe7 23.Qxe7 Rf8 24.Qe6+ Kh7 25.f4 Qe4+ 26.Bf3 Qxc2+ 27.Kg3 e4  1/2-1/2

[Event "Thessaloniki ol (Men)"]
[Site "Thessaloniki"]
[Date "1988.??.??"]
[Round "13"]
[White "Torre, Eugenio"]
[Black "Short, Nigel D"]
[Result "1/2-1/2"]
[WhiteElo "2555"]
[BlackElo "2665"]

1.e4 e6 2.d4 d5 3.Nd2 c5 4.Ngf3 Nc6 5.exd5 exd5 6.Bb5 Bd6 7.dxc5 Bxc5 8.O-O Ne7
9.Nb3 Bd6 10.Bg5 O-O 11.Re1 a6 12.Bxc6 bxc6 13.Bxe7 Bxe7 14.Nbd4 Bd7 15.Ne5 Bf6
16.Ndxc6 Bxc6 17.Nxc6 Qd6 18.Nd4 Qb4 19.Nc6 Qxb2 20.Rb1 Qxa2 21.Nb4 Qc4 22.Nxd5 Bd4
23.Rb4 Qxd5 24.Rxd4 Qc6 25.Rd6 Qc4 26.Rd4 Qc6  1/2-1/2

[Event "Tilburg"]
[Site "Tilburg"]
[Date "1988.??.??"]
[Round "?"]
[White "Short, Nigel D"]
[Black "Portisch, Lajos"]
[Result "1-0"]
[WhiteElo "2665"]
[BlackElo "2630"]

1.e4 e5 2.Nf3 Nc6 3.Bb5 a6 4.Ba4 Nf6 5.O-O Be7 6.Re1 b5 7.Bb3 d6 8.c3 O-O
9.h3 Na5 10.Bc2 c5 11.d4 Nd7 12.dxc5 dxc5 13.Nbd2 Bb7 14.Qe2 Qc7 15.Nf1 Nc4
16.b3 Nd6 17.c4 Rfe8 18.Bb2 Bf8 19.Rad1 Bc6 20.Ne3 Qb7 21.Ba1 Nxe4 22.Ng4 Nef6
23.Nfxe5 Nxe5 24.Bxe5 Nxg4 25.Qxg4 g6 26.h4 Bg7 27.Bxg7 Kxg7 28.h5 Rxe1+
29.Rxe1 Re8 30.Rxe8 Bxe8 31.Qg5 Qc6 32.Qe5+ f6 33.Qe7+ Kh6 34.Be4 Qd7 35.Qxc5 f5
36.Bf3 bxc4 37.Qe3+ Kg7 38.bxc4 Kf6 39.c5 g5 40.c6 Qe6 41.c7  1-0

[Event "Tilburg"]
[Site "Tilburg"]
[Date "1988.??.??"]
[Round "?"]
[White "Short, Nigel D"]
[Black "Huebner, Robert"]
[Result "1-0"]
[WhiteElo "2665"]
[BlackElo "2600"]

1.e4 e5 2.Nf3 Nf6 3.Nxe5 d6 4.Nf3 Nxe4 5.d4 d5 6.Bd3 Bd6 7.O-O O-O 8.c4 c6
9.Nc3 Nxc3 10.bxc3 dxc4 11.Bxc4 Bg4 12.Qd3 Nd7 13.Ng5 Nf6 14.h3 Bh5 15.f4 h6
16.g4 hxg5 17.fxg5 Nxg4 18.hxg4 Qd7 19.gxh5 Qg4+ 20.Kf2 Rae8 21.Rg1 Qh4+
22.Kg2 b5 23.Bb3 c5 24.Rh1  1-0

[Event "Novi Sad ol (Men)"]
[Site "Novi Sad"]
[Date "1990.??.??"]
[Round "7"]
[White "Rogers, Ian"]
[Black "Short, Nigel D"]
[Result "1/2-1/2"]
[WhiteElo "2535"]
[BlackElo "2610"]

1.e4 e6 2.d4 d5 3.Nc3 Nf6 4.Bg5 dxe4 5.Nxe4 Be7 6.Bxf6 gxf6 7.Nf3 Nd7 8.Bd3 c5
9.O-O O-O 10.Qd2 f5 11.Nxc5 Nxc5 12.dxc5 Bf6 13.c3 Bd7 14.Rad1 Ba4 15.Bc2 Qxd2
16.Rxd2 Bxc2 17.Rxc2 Rfc8 18.b4 b6 19.cxb6  1/2-1/2

[Event "Novi Sad ol (Men)"]
[Site "Novi Sad"]
[Date "1990.??.??"]
[Round "11"]
[White "Short, Nigel D"]
[Black "Ljubojevic, Ljubomir"]
[Result "1-0"]
[WhiteElo "2610"]
[BlackElo "2600"]

1.e4 c5 2.Nf3 d6 3.d4 cxd4 4.Nxd4 Nf6 5.Nc3 a6 6.f4 Qc7 7.Be2 e6 8.O-O Be7
9.Be3 O-O 10.g4 Nc6 11.g5 Nd7 12.f5 Nxd4 13.Qxd4 Re8 14.fxe6 fxe6 15.Bh5 Rf8
16.Rxf8+ Bxf8 17.Rf1 Ne5 18.Nd5 Qd8 19.Nb6 Rb8 20.Bf4 Nd7 21.Nc4 d5 22.Kh1 Bc5
23.Qd2 Ra8 24.Bf7+ Kh8 25.exd5 b5 26.Na5 Nf8 27.Be5 Ng6 28.Bxg6 hxg6 29.b4 Bf8
30.d6 Bd7 31.h4 Kg8 32.Kh2 Rc8 33.c3 Rb8 34.Qf4 Qe8 35.Nb3 Rd8 36.Nc5 Bc6
37.a3 Ra8 38.Kg3 Bd5 39.d7 Qe7 40.Bc7 e5 41.Qxf8+ Rxf8 42.Rxf8+ Qxf8 43.d8=Q  1-0

[Event "ENG-ch m"]
[Site "ENG"]
[Date "1991.??.??"]
[Round "1"]
[White "Chandler, Murray G"]
[Black "Short, Nigel D"]
[Result "1/2-1/2"]
[WhiteElo "2605"]
[BlackElo "2660"]

1.e4 e5 2.Nf3 Nc6 3.d4 exd4 4.Nxd4 Bc5 5.Be3 Qf6 6.c3 Nge7 7.Bc4 O-O 8.O-O Bb6
9.Na3 Nxd4 10.cxd4 d5 11.exd5 Rd8 12.Qh5 h6 13.Rfe1 Bf5 14.Qf3 Rd7 15.Nb5 Rad8
16.Bf4 Bg6 17.Nc3 Bxd4 18.Rad1 Bh5 19.g4 Bxc3 20.bxc3 g5 21.gxh5 Qxf4 22.Qxf4 gxf4
23.Rb1 Nxd5 24.Rxb7 f3 25.h3 a5 26.Kh2 c6 27.Re8+ Rxe8 28.Rxd7 Re4 29.Bxd5 cxd5
30.Rxd5 Re2 31.Rxa5 Rxf2+ 32.Kg3 Rc2 33.Kxf3 Rxc3+ 34.Kg4 Kg7 35.a4 Ra3 36.Ra8 Ra1
37.a5 Ra3 38.a6 Ra4+ 39.Kf5 Ra5+ 40.Ke4 Rxh5 41.Kd4 Rxh3 42.Kc5 Ra3 43.Kb6 Rb3+
44.Ka7 Kg6 45.Rb8 Ra3 46.Rb4 h5 47.Kb6 f5 48.a7 Kg5 49.Rb5 Rxa7 50.Kxa7 h4
51.Kb6 h3 52.Kc5 h2 53.Rb1 Kg4 54.Kd4 Kg3 55.Rb3+ Kg4 56.Rb1  1/2-1/2

[Event "EUCup final"]
[Site "Solingen"]
[Date "1991.??.??"]
[Round "1"]
[White "Tukmakov, Vladimir B"]
[Black "Short, Nigel D"]
[Result "1/2-1/2"]
[WhiteElo "2520"]
[BlackElo "2635"]

1.d4 e6 2.c4 f5 3.g3 Nf6 4.Bg2 Be7 5.Nf3 d5 6.O-O O-O 7.b3 Bd7 8.Ba3 Be8
9.Qc2 c6 10.Qb2 Nbd7 11.Nbd2 Bh5 12.Rac1 a5 13.Ng5 Re8 14.Bxe7 Qxe7 15.Rfe1 h6
16.Nh3 g5 17.f4 Qg7 18.Qc3 Kh8 19.e3 Rg8 20.Rf1 Be2 21.Rfe1 Bh5 22.Rf1 Bg4
23.Nf2 gxf4 24.exf4 Bh5 25.Bf3 Bxf3 26.Nxf3 Nh5 27.Kh1 Nxg3+ 28.hxg3 Qxg3
29.Ne1 Qxf4 30.Qh3 Rg3 31.Qh2 Qg5 32.Rd1 Rg8 33.Rd3 Rxd3 34.Nfxd3 Nf6 35.Nf3 Qe3
36.Qe5 Qxd3 37.Qxf6+ Kh7 38.Qf7+ Rg7 39.Ng5+ hxg5 40.Qh5+ Kg8 41.Qe8+  1/2-1/2

[Event "EU-chT (Men)"]
[Site "Debrecen"]
[Date "1992.??.??"]
[Round "3"]
[White "Hulak, Krunoslav"]
[Black "Short, Nigel D"]
[Result "0-1"]
[WhiteElo "2515"]
[BlackElo "2685"]

1.d4 Nf6 2.Nf3 d5 3.c4 e6 4.Nc3 Be7 5.Bg5 O-O 6.e3 h6 7.Bh4 b6 8.Be2 Bb7
9.Bxf6 Bxf6 10.cxd5 exd5 11.b4 c6 12.O-O Re8 13.Qb3 a5 14.bxa5 Rxa5 15.Rfe1 Nd7
16.e4 c5 17.Nxd5 Bxd5 18.exd5 cxd4 19.Bb5 Nc5 20.Qc4 Re4 21.Rad1 Ra3 22.Nxd4 Rd3
23.Nf5 Rxd1 24.Rxd1 Rxc4 25.Bxc4 Qd7  0-1

[Event "Manila ol (Men)"]
[Site "Manila"]
[Date "1992.??.??"]
[Round "?"]
[White "Hjartarson, Johann"]
[Black "Short, Nigel D"]
[Result "1/2-1/2"]
[WhiteElo "2580"]
[BlackElo "2685"]

1.e4 e5 2.Nf3 Nc6 3.Bc4 Bc5 4.c3 Nf6 5.b4 Bb6 6.d3 d6 7.a4 a5 8.b5 Ne7 9.O-O O-O
10.Nbd2 Ng6 11.Ba3 Nh5 12.d4 Nhf4 13.dxe5 Nxe5 14.Nxe5 Qg5 15.g3 Nh3+ 16.Kg2 Qxe5
17.Bd5 Qxc3 18.Nc4 Ng5 19.Bb2 Bh3+ 20.Kh1 Qf3+ 21.Qxf3 Nxf3 22.Nxb6 cxb6
23.Rfc1 Rac8 24.Ba3 Ne5 25.Bxb7 Rxc1+ 26.Rxc1 Nd3 27.Rc7 Nxf2+ 28.Kg1 Nd3
29.Bxd6 Rd8 30.e5 Nb2 31.Be4 Be6 32.Rc6 Nxa4 33.Bc2 Nb2 34.Rxb6 Nc4 35.Ra6 g6
36.b6 Nxd6 37.exd6 Bd5 38.Bb3 Be4 39.Ra7 Rxd6 40.b7 Rd8 41.Bxf7+ Kf8 42.Be6 Rb8
43.Bc8 a4 44.Rxa4  1/2-1/2

[Event "Manila ol (Men)"]
[Site "Manila"]
[Date "1992.??.??"]
[Round "?"]
[White "Short, Nigel D"]
[Black "Rogers, Ian"]
[Result "1-0"]
[WhiteElo "2685"]
[BlackElo "2550"]

1.e4 c5 2.Nf3 Nc6 3.d4 cxd4 4.Nxd4 Qc7 5.Nc3 e6 6.Be3 a6 7.Bd3 b5 8.Nxc6 Qxc6
9.O-O Bb7 10.Qd2 Nf6 11.f3 Bc5 12.Kh1 Bxe3 13.Qxe3 b4 14.Ne2 O-O 15.Rfc1 e5
16.c3 Qd6 17.Ng3 bxc3 18.Rxc3 g6 19.Bc4 Bc6 20.Rd3 Qe7 21.Rad1 a5 22.Qh6 Rfb8
23.Rd6 Ne8 24.R6d2 Nf6 25.h4 a4 26.h5 Nxh5 27.Nxh5 Qh4+ 28.Kg1 Qxh5 29.Bxf7+ Kh8
30.Qxh5 gxh5 31.Bxh5 Ra7 32.Bf7 Kg7 33.Bc4 Rb4 34.b3 axb3 35.axb3 Rb8 36.Kh2 Rba8
37.Kh3 Ra2 38.Bd5 Rxd2 39.Rxd2 Rb8 40.Kg4 Bb5 41.Bc4 Bxc4 42.bxc4  1-0

[Event "Paris Immopar rapid"]
[Site "Paris"]
[Date "1992.??.??"]
[Round "1"]
[White "Short, Nigel D"]
[Black "Polugaevsky, Lev"]
[Result "1/2-1/2"]
[WhiteElo "2680"]
[BlackElo "2640"]

1.e4 c5 2.Nc3 e6 3.Nf3 a6 4.g3 b5 5.Bg2 Bb7 6.d3 d6 7.O-O Nd7 8.Bd2 Be7 9.Qe2 Ngf6
10.Rae1 O-O 11.Kh1 Rc8 12.Ng5 b4 13.Nd1 Ne5 14.f4 Nc6 15.Ne3 d5 16.e5 Nd7
17.h4 h6 18.Nh3 f5 19.exf6 Nxf6 20.c3 bxc3 21.bxc3 Qd7 22.Nf2 Rce8 23.Kg1 Bd6
24.Neg4 Nxg4 25.Nxg4 Qf7 26.Nh2 Kh8 27.h5 Bc8 28.g4 Qc7 29.Nf3 Bxf4 30.Nh4 Bxd2
31.Qxd2 Rxf1+ 32.Rxf1 Kg8 33.Qf2 Nd8 34.Ng6 Qd6 35.d4 cxd4 36.cxd4 Bd7 37.Qf3 Bb5
38.Rf2 Kh7 39.Bf1 Bxf1 40.Kxf1 Nc6 41.Kg2 Qb4 42.Qd3 Kg8 43.Rf4 Qc4 44.Qf3 Qb4
45.Qf2 Qd6 46.Rf7 e5 47.Qf5 Nxd4 48.Ne7+ Qxe7 49.Rxe7 Rxe7 50.Qc8+ Kf7 51.Qxa6 Ne6
52.Qd6 Nf4+ 53.Kg3 d4 54.a4 d3 55.a5 Re6 56.Qd8 Re8 57.Qc7+ Re7 58.Qc4+ Kf8
59.Qb4 Kf7 60.a6 Rd7 61.Qd2 Ra7 62.Qa2+ Kf6 63.Kf3 Rd7 64.Qd2 Rd6 65.a7 Ra6
66.Qb4 d2 67.Qxd2 Rxa7 68.Qd6+ Ne6 69.Qb6 Ra4 70.Qe3 Rf4+ 71.Kg3 Ng5 72.Qb6+ Ne6
73.Qd6 Rd4 74.Qc6 Rf4 75.Qe8 Rd4 76.Qg6+ Ke7 77.Kf3 Rf4+ 78.Ke3 Rf6 79.Qh7 Kf7  1/2-1/2